01195nam a2200289Ia 4500001001200000003000800012006001900020007001500039008004100054040002100095035002100116050002500137100002500162245014900187260006200336300001000398490003500408500002100443504004100464533015200505650002000657650002000677655002900697710001700726830003600743856012600779ebr10380953CaPaEBRm u cr cn|||||||||060420s2006 dcu sb i000 0 eng d aCaPaEBRcCaPaEBR a(OCoLC)69414128814aHC79.I55bY37 2006eb1 aYartey, Charles Amo.10aFinancial development, the structure of capital markets, and the global digital divideh[electronic resource] /cprepared by Charles Amo Yartey. a[Washington, D.C.] :bInternational Monetary Fund,c2006. a28 p.1 aIMF working paper ;vWP/06/258 a"November 2006." aIncludes bibliographical references. aElectronic reproduction.bPalo Alto, Calif. :cebrary,d2011.nAvailable via World Wide Web.nAccess may be limited to ebrary affiliated libraries. 0aCapital market. 0aDigital divide. 7aElectronic books.2local2 aebrary, Inc. 0aIMF working paper ;vWP/06/258.40uhttp://site.ebrary.com/lib/rucke/Doc?id=10380953zAn electronic book accessible through the World Wide Web; click to view